000 00399nam a2200145 4500
999 _c776
_d776
008 191218b ||||| |||| 00| 0 eng d
041 0 _aeng
082 0 0 _a610.92
_bV184
100 _9300
_aVallery-Radot, Rene
245 1 0 _aThe life of Pasteur
_cby Rene Vallery-Radot
260 _aLondon:
_bConstable & company ltd,
_c1948.
300 _axxi, 484 p.
650 0 _aBiography of Pasteur
942 _2ddc
_cBK